Most Spoken Language A-Z - Statistics

General Stats
  • This quiz has been taken 257 times
    220 since last reset
  • The average score is 17 of 26
Answer Stats
Hint Answer Amount of speakers % Correct
E English 339,000,000
97%
F French 80,000,000
97%
A Arabic 295,000,000
93%
G German 95,000,000
93%
M Mandarin 900,000,000
93%
S Spanish 472,000,000
92%
R Russian 150,000,000
90%
J Japanese 130,000,000
89%
H Hindi 260,000,000
87%
P Portuguese 215,000,000
85%
V Vietnamese 78,000,000
81%
I Italian 65,000,000
78%
U Urdu 68,000,000
75%
D Dutch 21,000,000
74%
B Bengali 240,000,000
73%
K Korean 77,000,000
71%
L Lao 25,000,000
54%
W Wu 77,000,000
50%
Q Quechua 8,900,000
42%
N Nepali 17,000,000
32%
T Telugu 74,000,000
32%
O Odia 33,000,000
23%
X Xiang 38,000,000
18%
Y Yue 62,000,000
17%
C Cebuano 21,000,000
9%
Z Zhuang 16,000,000
8%
No matching quizzes found
Score Distribution
Percent of People with Each Score
Percentile by Number Answered
Your Score History
You have not taken this quiz since the last reset